Eastern Utah Libraries Catalog: Duchesne, Heber, Roosevelt, & Vernal

Boys of steel : (Record no. 68452)

MARC details
000 -LEADER
fixed length control field 01872cam a2200433 a 4500
001 - CONTROL NUMBER
control field BK0007551457
003 - CONTROL NUMBER IDENTIFIER
control field OCoLC
005 - DATE AND TIME OF LATEST TRANSACTION
control field 20241220124911.0
008 - FIXED-LENGTH DATA ELEMENTS--GENERAL INFORMATION
fixed length control field 071009s2008 nyua c b 000 0ceng
010 ## - LIBRARY OF CONGRESS CONTROL NUMBER
LC control number 2007041606
020 ## - INTERNATIONAL STANDARD BOOK NUMBER
International Standard Book Number 9780375838026 : HRD
Terms of availability $16.99
020 ## - INTERNATIONAL STANDARD BOOK NUMBER
International Standard Book Number 0375838023 : HRD
Terms of availability $16.99
037 ## - SOURCE OF ACQUISITION
Source of stock number/acquisition Random House Childrens Books, Attn Order Entry 400 Hahn rd, Westminister, MD, USA, 21157
Note SAN 201-3975
040 ## - CATALOGING SOURCE
Original cataloging agency DLC
Transcribing agency DLC
Modifying agency BTCTA
-- OCLCG
-- ASC
-- TEF
050 00 - LIBRARY OF CONGRESS CALL NUMBER
Classification number NC1305
Item number .N63 2008
082 00 - DEWEY DECIMAL CLASSIFICATION NUMBER
Classification number 741.5/973
082 00 - DEWEY DECIMAL CLASSIFICATION NUMBER
Classification number B
Edition number 22
082 00 - DEWEY DECIMAL CLASSIFICATION NUMBER
Classification number 741.5092/2
Edition number 22
092 ## - LOCALLY ASSIGNED DEWEY CALL NUMBER (OCLC)
Classification number 741.5973
092 ## - LOCALLY ASSIGNED DEWEY CALL NUMBER (OCLC)
Classification number 741.5092
092 ## - LOCALLY ASSIGNED DEWEY CALL NUMBER (OCLC)
Classification number NOBLEMAN
100 1# - MAIN ENTRY--PERSONAL NAME
Personal name Nobleman, Marc Tyler.
9 (RLIN) 5844182
245 10 - TITLE STATEMENT
Title Boys of steel :
Remainder of title the creators of Superman /
Statement of responsibility, etc by Marc Tyler Nobleman ; illustrated by Ross MacDonald.
250 ## - EDITION STATEMENT
Edition statement 1st ed.
260 ## - PUBLICATION, DISTRIBUTION, ETC. (IMPRINT)
Place of publication, distribution, etc New York :
Name of publisher, distributor, etc A.A. Knopf,
Date of publication, distribution, etc c2008.
300 ## - PHYSICAL DESCRIPTION
Extent 1 v. (unpaged) :
Other physical details col. ill. ;
Dimensions 29 cm.
504 ## - BIBLIOGRAPHY, ETC. NOTE
Bibliography, etc Includes bibliographical references.
520 ## - SUMMARY, ETC.
Summary, etc Jerry Siegel & Joe Shuster, two misfit teens in Cleveland, were more like Clark Kent than Superman. Both boys escaped into the worlds of science fiction and pulp magazine tales. In 1934, they created the superhero, but it was four years before they convinced a publisher to take a chance on their Man of Steel in a new format--the comic book.
586 8# - AWARDS NOTE
Awards note A Junior Library Guild selection
600 10 - SUBJECT ADDED ENTRY--PERSONAL NAME
Personal name Siegel, Jerry,
Dates associated with a name 1914-1996
Form subdivision Juvenile literature.
9 (RLIN) 6206141
600 10 - SUBJECT ADDED ENTRY--PERSONAL NAME
Personal name Shuster, Joe
Form subdivision Juvenile literature.
9 (RLIN) 6206142
650 #0 - SUBJECT ADDED ENTRY--TOPICAL TERM
Topical term or geographic name as entry element Cartoonists
Geographic subdivision United States
Form subdivision Biography
-- Juvenile literature.
9 (RLIN) 6461635
600 11 - SUBJECT ADDED ENTRY--PERSONAL NAME
Personal name Siegel, Jerry,
Dates associated with a name 1914-1996.
9 (RLIN) 42994
600 11 - SUBJECT ADDED ENTRY--PERSONAL NAME
Personal name Shuster, Joe.
9 (RLIN) 61950
650 #1 - SUBJECT ADDED ENTRY--TOPICAL TERM
Topical term or geographic name as entry element Cartoonists
Geographic subdivision United States
Form subdivision Biography.
9 (RLIN) 5760616
700 1# - ADDED ENTRY--PERSONAL NAME
Personal name MacDonald, Ross,
Dates associated with a name 1957-
Relator term ill.
9 (RLIN) 6206144
942 ## - ADDED ENTRY ELEMENTS (KOHA)
Koha item type BOOK
998 ## - LOCAL CONTROL INFORMATION (RLIN)
-- a133263
Holdings
Withdrawn status Lost status Source of classification or shelving scheme Damaged status Not for loan Collection code Home library Current library Shelving location Date acquired Source of acquisition Cost, normal purchase price Total Checkouts Full call number Barcode Date last seen Date checked out Cost, replacement price Price effective from Koha item type
    Dewey Decimal Classification     Junior NonFiction Wasatch County Library Wasatch County Library Second Floor 05/09/2009 Amazon 16.99 6 J 741.5 Nob 34301000819823 12/26/2025 03/16/2023 16.99 03/20/2020 BOOK
This project was made possible through a grant from the Institute of Museum and Library Service administered by the Utah State Library Division.

Wasatch County Library

  • 465 East 1200 South, Heber City, Utah 84032
  • Phone 435-654-1511 | Fax 435-654-6456

Hours

  • Monday - Friday 9:30 AM - 8:00 PM
  • Saturday 9:30 AM - 1:30 PM
  • Closed Sundays and Holidays